[Event "Leon blitz op 33rd"]
[Site "Chess.com INT"]
[Date "2020.07.14"]
[Round "7"]
[White "Piesik, Piotr"]
[Black "De Abreu, Roberto N"]
[Result "1/2-1/2"]
[WhiteElo "2418"]
[BlackElo "2184"]
[PlyCount "127"]
[EventDate "2020.07.14"]
[EventType "swiss (blitz)"]
[EventRounds "10"]
[EventCountry "ESP"]
[SourceTitle "CBM 197 Extra"]
[Source "ChessBase"]
[SourceDate "2020.09.30"]
[SourceVersion "1"]
[SourceVersionDate "2020.09.30"]
[SourceQuality "1"]

1. Nf3 Nf6 2. g3 d5 3. Bg2 c5 4. 0-0 Nc6 5. d3 e5 6. Nbd2 Be7 7. e4 d4 8. Nc4 Nd7 9. a4 0-0 10. a5 Rb8 11. Ne1 b5 12. axb6 axb6 13. f4 b5 14. Nxe5 Ndxe5 15. fxe5 Nxe5 16. Bf4 Bd6 17. Nf3 Qe7 18. Qd2 Re8 19. Nxe5 Bxe5 20. Bxe5 Qxe5 21. Ra7 f6 22. Qa5 Bg4 23. Qa2+ Be6 24. Qa6 h5 25. Rb7 Rxb7 26. Qxb7 Rb8 27. Qe7 Kh7 28. Ra1 h4 29. gxh4 Bg4 30. Qxe5 fxe5 31. Ra7 Bd1 32. Rc7 c4 33. dxc4 bxc4 34. Rxc4 Rxb2 35. Rc5 Bxc2 36. Rxe5 Bb3 37. Bf1 Kh6 38. Rb5 Rb1 39. Kg2 Bc2 40. Rxb1 Bxe4+ 41. Kg3 Bxb1 42. Kf4 Kh5 43. Kg3 Kg6 44. Kf4 Kf6 45. Bg2 d3 46. Ke3 Kf5 47. Bh3+ Ke5 48. Bf1 Kf5 49. Bh3+ Ke5 50. Bf1 g6 51. Bh3 Kd5 52. Bd7 Kc4 53. Kd2 Kd4 54. Be8 Ke5 55. Bxg6 Kf6 56. h5 Kg7 57. Ke3 Kh8 58. Bxd3 Kg8 59. Bxb1 Kh8 60. Kf4 Kg8 61. Kg5 Kh8 62. Kh6 Kg8 63. Ba2+ Kh8 64. h4 1/2-1/2

[Event "Titled Tuesday intern op 30th June"]
[Site "Chess.com INT"]
[Date "2020.06.30"]
[Round "9"]
[White "De Abreu, Roberto N"]
[Black "Ribero, Guillermo Andres"]
[Result "1-0"]
[WhiteElo "2184"]
[BlackElo "1875"]
[PlyCount "89"]
[EventDate "2020.06.30"]
[EventType "swiss (blitz)"]
[EventRounds "10"]
[EventCountry "USA"]
[SourceTitle "CBM 197 Extra"]
[Source "ChessBase"]
[SourceDate "2020.09.30"]
[SourceVersion "1"]
[SourceVersionDate "2020.09.30"]
[SourceQuality "1"]

1. e4 c5 2. Nf3 d6 3. c3 g6 4. Bb5+ Bd7 5. Bxd7+ Qxd7 6. 0-0 Bg7 7. d4 cxd4 8. cxd4 Nf6 9. Nc3 0-0 10. h3 d5 11. e5 Ne4 12. Re1 Nxc3 13. bxc3 e6 14. Bg5 h6 15. Bh4 Nc6 16. Bf6 Ne7 17. Bxe7 Qxe7 18. Rb1 Rac8 19. Rb3 b6 20. Qd2 Rc4 21. Qb2 Qc7 22. Nd2 Rc6 23. Re3 f6 24. exf6 Bxf6 25. Nf3 Bg7 26. a4 a5 27. Qb1 Kh7 28. h4 Rf5 29. g3 Bf6 30. Kg2 Kg7 31. h5 Rxh5 32. g4 Rg5 33. Nxg5 Bxg5 34. Rf3 Bf6 35. Qf1 Rc4 36. Qe2 Rxa4 37. Qxe6 Qe7 38. Rxb6 Qxe6 39. Rxe6 Bg5 40. Rd6 Ra1 41. Rd7+ Kg8 42. Rxd5 a4 43. Rd7 a3 44. c4 a2 45. Ra3 1-0

[Event "Titled Tuesday intern op 30th June"]
[Site "Chess.com INT"]
[Date "2020.06.30"]
[Round "2"]
[White "De Abreu, Roberto N"]
[Black "Soto Vega, Jorge"]
[Result "0-1"]
[WhiteElo "2184"]
[BlackElo "2363"]
[PlyCount "50"]
[EventDate "2020.06.30"]
[EventType "swiss (blitz)"]
[EventRounds "10"]
[EventCountry "USA"]
[SourceTitle "CBM 197 Extra"]
[Source "ChessBase"]
[SourceDate "2020.09.30"]
[SourceVersion "1"]
[SourceVersionDate "2020.09.30"]
[SourceQuality "1"]

1. d4 Nf6 2. c4 c6 3. Nf3 d5 4. Nc3 dxc4 5. Ne5 Bf5 6. Nxc4 e6 7. f3 Bg6 8. e4 Nbd7 9. Bg5 Be7 10. e5 Nd5 11. Nd6+ Kf8 12. Bxe7+ Qxe7 13. Nce4 f6 14. Be2 fxe5 15. dxe5 Nxe5 16. Qd4 Nf7 17. Nxf7 Kxf7 18. 0-0 Rhd8 19. Qe5 Kg8 20. Ng5 Bf5 21. Bc4 Qxg5 22. Rfe1 Qf6 23. Qe2 Kh8 24. Rad1 Nf4 25. Qe3 Qg5 0-1